[Event "CFriend AT-2005-0-00092 email"]
[Site "Chessfriend.com"]
[Date "2005.01.21"]
[Round "1"]
[White "Quinones, Jorge"]
[Black "Miszta, Feliks"]
[Result "1-0"]
[WhiteElo "2120"]
[BlackElo "1615"]
[PlyCount "21"]
[EventDate "2005.??.??"]
[EventType "tourn (corr)"]
[EventRounds "2"]
[SourceTitle "Corr 2024"]
[Source "ChessBase"]
[SourceDate "2023.10.19"]
[SourceVersion "1"]
[SourceVersionDate "2023.10.19"]
[SourceQuality "1"]

1. e4 c5 2. Nf3 Nc6 3. d4 cxd4 4. Nxd4 Nf6 5. Nc3 d6 6. Bg5 e6 7. Qd2 a6 8. 0-0-0 h6 9. Bf4 Bd7 10. Nxc6 Bxc6 11. f3 1-0

[Event "CFriend AT-2005-0-00067 email"]
[Site "Chessfriend.com"]
[Date "2005.01.13"]
[Round "1"]
[White "Epiney, Flo"]
[Black "Miszta, Feliks"]
[Result "1-0"]
[WhiteElo "2217"]
[BlackElo "1615"]
[PlyCount "41"]
[EventDate "2005.??.??"]
[EventType "tourn (corr)"]
[EventRounds "2"]
[SourceTitle "Corr 2024"]
[Source "ChessBase"]
[SourceDate "2023.10.19"]
[SourceVersion "1"]
[SourceVersionDate "2023.10.19"]
[SourceQuality "1"]

1. d4 d5 2. c4 c6 3. Nc3 Nf6 4. Nf3 e6 5. Bg5 Nbd7 6. e3 Qa5 7. cxd5 Nxd5 8. Qd2 N7b6 9. Bd3 Nxc3 10. bxc3 Na4 11. 0-0 Qxc3 12. Qe2 Qb2 13. Bc2 Nc3 14. Qd3 f6 15. Bh4 Bb4 16. a3 Be7 17. Rfc1 Nb5 18. a4 Nc3 19. Nd2 Qb4 20. Bg3 e5 21. Bb3 1-0

[Event "CFriend AT-2005-0-00073 email"]
[Site "Chessfriend.com"]
[Date "2005.01.13"]
[Round "1"]
[White "Sondermann, Dirk"]
[Black "Miszta, Feliks"]
[Result "1-0"]
[WhiteElo "1841"]
[BlackElo "1615"]
[PlyCount "23"]
[EventDate "2005.??.??"]
[EventType "tourn (corr)"]
[EventRounds "2"]
[SourceTitle "Corr 2024"]
[Source "ChessBase"]
[SourceDate "2023.10.19"]
[SourceVersion "1"]
[SourceVersionDate "2023.10.19"]
[SourceQuality "1"]

1. d4 d5 2. c4 c6 3. Nf3 e6 4. Nc3 Nf6 5. Bg5 dxc4 6. e4 b5 7. e5 h6 8. Bh4 g5 9. Nxg5 hxg5 10. Bxg5 Nbd7 11. g3 Rg8 12. h4 1-0

[Event "CFriend AT-2005-0-00061 email"]
[Site "Chessfriend.com"]
[Date "2005.01.12"]
[Round "1"]
[White "Miszta, Feliks"]
[Black "Knap, Jerzy"]
[Result "0-1"]
[WhiteElo "1615"]
[BlackElo "2152"]
[PlyCount "42"]
[EventDate "2005.??.??"]
[EventType "tourn (corr)"]
[EventRounds "2"]
[SourceTitle "Corr 2024"]
[Source "ChessBase"]
[SourceDate "2023.10.19"]
[SourceVersion "1"]
[SourceVersionDate "2023.10.19"]
[SourceQuality "1"]

1. e4 c6 2. d4 d5 3. e5 Bf5 4. Nf3 e6 5. Be2 c5 6. 0-0 Nc6 7. c3 cxd4 8. cxd4 Nge7 9. Nc3 Nc8 10. Be3 Nb6 11. Rc1 Be7 12. Na4 Nxa4 13. Qxa4 0-0 14. Bb5 Nb4 15. a3 Nd3 16. Bxd3 Bxd3 17. Rfe1 a5 18. Nd2 b5 19. Qd1 a4 20. Nb3 Bc4 21. Nc5 h6 0-1

[Event "CFriend AT-2005-0-00052 email"]
[Site "Chessfriend.com"]
[Date "2005.01.11"]
[Round "1"]
[White "Herbst, Bernd"]
[Black "Miszta, Feliks"]
[Result "1-0"]
[WhiteElo "2260"]
[BlackElo "1615"]
[PlyCount "57"]
[EventDate "2005.??.??"]
[EventType "tourn (corr)"]
[EventRounds "2"]
[SourceTitle "Corr 2024"]
[Source "ChessBase"]
[SourceDate "2023.10.19"]
[SourceVersion "1"]
[SourceVersionDate "2023.10.19"]
[SourceQuality "1"]

1. d4 d5 2. c4 c6 3. Nf3 Nf6 4. Nc3 e6 5. Bg5 h6 6. Bxf6 Qxf6 7. e3 Nd7 8. Bd3 dxc4 9. Bxc4 Be7 10. 0-0 0-0 11. Qc2 e5 12. d5 Nb6 13. dxc6 Qxc6 14. Bd3 Qf6 15. Rad1 Bg4 16. Bh7+ Kh8 17. Be4 Rab8 18. Nd5 Nxd5 19. Rxd5 Rbc8 20. Qb1 Rc7 21. Rfd1 Rfc8 22. h3 Bxf3 23. Bxf3 Rc2 24. R5d2 Rxd2 25. Rxd2 Rc7 26. Qd1 Qf5 27. Rd8+ Kh7 28. g4 Qe6 29. Bd5 1-0

[Event "CFriend AT-2005-0-00058 email"]
[Site "Chessfriend.com"]
[Date "2005.01.11"]
[Round "1"]
[White "Miszta, Feliks"]
[Black "Bonehill, Andrew"]
[Result "0-1"]
[WhiteElo "1615"]
[BlackElo "2292"]
[PlyCount "22"]
[EventDate "2005.??.??"]
[EventType "tourn (corr)"]
[EventRounds "2"]
[SourceTitle "Corr 2024"]
[Source "ChessBase"]
[SourceDate "2023.10.19"]
[SourceVersion "1"]
[SourceVersionDate "2023.10.19"]
[SourceQuality "1"]

1. e4 e5 2. Nf3 Nc6 3. Nc3 Nf6 4. d4 exd4 5. Nxd4 Bb4 6. Nxc6 bxc6 7. Bd3 d5 8. exd5 cxd5 9. 0-0 0-0 10. Bg5 c6 11. Ne2 h6 0-1

[Event "CFriend AT-2005-0-00052 email"]
[Site "Chessfriend.com"]
[Date "2005.01.11"]
[Round "1"]
[White "Miszta, Feliks"]
[Black "Herbst, Bernd"]
[Result "0-1"]
[WhiteElo "1615"]
[BlackElo "2260"]
[PlyCount "52"]
[EventDate "2005.??.??"]
[EventType "tourn (corr)"]
[EventRounds "2"]
[SourceTitle "Corr 2024"]
[Source "ChessBase"]
[SourceDate "2023.10.19"]
[SourceVersion "1"]
[SourceVersionDate "2023.10.19"]
[SourceQuality "1"]

1. e4 d5 2. exd5 Nf6 3. d4 Nxd5 4. Nf3 Bg4 5. Be2 e6 6. 0-0 Nc6 7. c4 Nb6 8. Nc3 Be7 9. c5 Nd5 10. Qb3 Rb8 11. h3 Bh5 12. Nxd5 Qxd5 13. Qxd5 exd5 14. Be3 0-0 15. Rfe1 Bf6 16. g4 Bg6 17. g5 Bd8 18. a3 f6 19. b4 a6 20. h4 Kh8 21. Kh2 Ra8 22. Rad1 Be4 23. Nd2 Bf5 24. Nf1 Na7 25. Ng3 Bd7 26. Kg2 c6 0-1

[Event "CFriend AT-2005-0-00050 email"]
[Site "Chessfriend.com"]
[Date "2005.01.11"]
[Round "1"]
[White "Miszta, Feliks"]
[Black "Jimenez, Joaquin"]
[Result "0-1"]
[WhiteElo "1615"]
[BlackElo "2270"]
[PlyCount "30"]
[EventDate "2005.??.??"]
[EventType "tourn (corr)"]
[EventRounds "2"]
[SourceTitle "Corr 2024"]
[Source "ChessBase"]
[SourceDate "2023.10.19"]
[SourceVersion "1"]
[SourceVersionDate "2023.10.19"]
[SourceQuality "1"]

1. e4 e5 2. Nf3 Nc6 3. Bb5 a6 4. Ba4 Nf6 5. 0-0 Be7 6. Re1 b5 7. Bb3 d6 8. c3 0-0 9. h3 Nb8 10. d4 Nbd7 11. Nbd2 Bb7 12. Bc2 c5 13. b3 cxd4 14. cxd4 exd4 15. Nxd4 Re8 0-1

[Event "CFriend AT-2005-0-00053 email"]
[Site "Chessfriend.com"]
[Date "2005.01.11"]
[Round "1"]
[White "Weber, Daniel"]
[Black "Miszta, Feliks"]
[Result "1-0"]
[WhiteElo "2189"]
[BlackElo "1615"]
[PlyCount "23"]
[EventDate "2005.??.??"]
[EventType "tourn (corr)"]
[EventRounds "2"]
[SourceTitle "Corr 2024"]
[Source "ChessBase"]
[SourceDate "2023.10.19"]
[SourceVersion "1"]
[SourceVersionDate "2023.10.19"]
[SourceQuality "1"]

1. c4 e5 2. Nc3 Nf6 3. g3 Bb4 4. Nf3 Nc6 5. Nd5 Bc5 6. d3 h6 7. Bg2 0-0 8. 0-0 d6 9. e3 a6 10. a3 Ba7 11. Nc3 Bf5 12. Qc2 1-0

[Event "CFriend AT-2005-0-00047 email"]
[Site "Chessfriend.com"]
[Date "2005.01.10"]
[Round "1"]
[White "Borst, John"]
[Black "Miszta, Feliks"]
[Result "1-0"]
[WhiteElo "2011"]
[BlackElo "1615"]
[PlyCount "41"]
[EventDate "2005.??.??"]
[EventType "tourn (corr)"]
[EventRounds "2"]
[SourceTitle "Corr 2024"]
[Source "ChessBase"]
[SourceDate "2023.10.19"]
[SourceVersion "1"]
[SourceVersionDate "2023.10.19"]
[SourceQuality "1"]

1. e4 e5 2. Nf3 Nc6 3. Bb5 a6 4. Ba4 Nf6 5. 0-0 Be7 6. Re1 b5 7. Bb3 d6 8. c3 0-0 9. h3 Na5 10. Bc2 c5 11. d4 Qc7 12. Nbd2 cxd4 13. cxd4 Bb7 14. d5 Rac8 15. Bb1 Nh5 16. Nf1 Nf4 17. Kh2 Qd7 18. Ng1 Bd8 19. g3 Ng6 20. b3 Ne7 21. Ne2 1-0

[Event "CFriend AT-2005-0-00041 email"]
[Site "Chessfriend.com"]
[Date "2005.01.10"]
[Round "1"]
[White "Kann, Cedric"]
[Black "Miszta, Feliks"]
[Result "1-0"]
[WhiteElo "1986"]
[BlackElo "1615"]
[PlyCount "23"]
[EventDate "2005.??.??"]
[EventType "tourn (corr)"]
[EventRounds "2"]
[SourceTitle "Corr 2024"]
[Source "ChessBase"]
[SourceDate "2023.10.19"]
[SourceVersion "1"]
[SourceVersionDate "2023.10.19"]
[SourceQuality "1"]

1. d4 c6 2. c4 d5 3. Nf3 Nf6 4. Nc3 e6 5. e3 Nbd7 6. Qc2 Bd6 7. g4 Bb4 8. Bd2 Qe7 9. Rg1 h6 10. h4 Bxc3 11. Bxc3 Ne4 12. 0-0-0 1-0

[Event "CFriend AT-2005-0-00044 email"]
[Site "Chessfriend.com"]
[Date "2005.01.10"]
[Round "1"]
[White "Miszta, Feliks"]
[Black "Rolle, Hannes"]
[Result "0-1"]
[WhiteElo "1615"]
[BlackElo "2235"]
[PlyCount "86"]
[EventDate "2005.??.??"]
[EventType "tourn (corr)"]
[EventRounds "2"]
[SourceTitle "Corr 2024"]
[Source "ChessBase"]
[SourceDate "2023.10.19"]
[SourceVersion "1"]
[SourceVersionDate "2023.10.19"]
[SourceQuality "1"]

1. e4 c5 2. Nf3 Nc6 3. d4 cxd4 4. Nxd4 Nf6 5. Nc3 e5 6. Ndb5 d6 7. Bg5 a6 8. Na3 b5 9. Nd5 Be7 10. Bxf6 Bxf6 11. c3 0-0 12. Nc2 Bg5 13. a4 bxa4 14. Rxa4 a5 15. Bc4 Ne7 16. Nxe7+ Bxe7 17. 0-0 Bd7 18. Ra2 Rc8 19. Qd3 Rxc4 20. Qxc4 Be6 21. Qa4 Bxa2 22. Qxa2 Qa8 23. Qc4 Qb7 24. Rb1 Rc8 25. Qd3 Bg5 26. Na3 Qc6 27. Nb5 Rd8 28. Rd1 f5 29. Qd5+ Qxd5 30. exd5 Rd7 31. Ra1 Bd8 32. Kf1 g6 33. f3 Kf8 34. b4 axb4 35. cxb4 Rb7 36. Na7 h6 37. Nc6 Bf6 38. Ra8+ Kf7 39. Ke2 h5 40. Kd3 h4 41. Kc4 e4 42. fxe4 fxe4 43. Ra2 e3 0-1

[Event "CFriend AT-2005-0-00025 email"]
[Site "Chessfriend.com"]
[Date "2005.01.09"]
[Round "1"]
[White "Bies, Gustavo Alejandro"]
[Black "Miszta, Feliks"]
[Result "1-0"]
[WhiteElo "2040"]
[BlackElo "1615"]
[PlyCount "47"]
[EventDate "2005.??.??"]
[EventType "tourn (corr)"]
[EventRounds "2"]
[SourceTitle "Corr 2024"]
[Source "ChessBase"]
[SourceDate "2023.10.19"]
[SourceVersion "1"]
[SourceVersionDate "2023.10.19"]
[SourceQuality "1"]

1. e4 e5 2. Nf3 Nc6 3. Bb5 a6 4. Ba4 Nf6 5. 0-0 Be7 6. Re1 b5 7. Bb3 0-0 8. a4 Bb7 9. d3 d6 10. Nbd2 Na5 11. Ba2 b4 12. c3 c5 13. cxb4 cxb4 14. Nf1 Rb8 15. Bd2 Nc6 16. Ne3 Qd7 17. Nf5 Rfc8 18. Rc1 h6 19. N3h4 Bd8 20. Re3 Kh7 21. Rg3 g6 22. Nxh6 d5 23. Nf3 Kg7 24. exd5 1-0

[Event "CFriend AT-2005-0-00031 email"]
[Site "Chessfriend.com"]
[Date "2005.01.09"]
[Round "1"]
[White "Helmer, Janos"]
[Black "Miszta, Feliks"]
[Result "1-0"]
[WhiteElo "2169"]
[BlackElo "1615"]
[PlyCount "31"]
[EventDate "2005.??.??"]
[EventType "tourn (corr)"]
[EventRounds "2"]
[SourceTitle "Corr 2024"]
[Source "ChessBase"]
[SourceDate "2023.10.19"]
[SourceVersion "1"]
[SourceVersionDate "2023.10.19"]
[SourceQuality "1"]

1. Nf3 d5 2. c4 dxc4 3. Na3 c5 4. Nxc4 Nc6 5. g3 f6 6. Bg2 e5 7. d3 Nge7 8. 0-0 Be6 9. Nfd2 Nd5 10. Ne4 Be7 11. f4 f5 12. Nc3 exf4 13. Bxd5 Bxd5 14. Bxf4 0-0 15. Rc1 Bf6 16. e3 1-0

[Event "CFriend AT-2005-0-00025 email"]
[Site "Chessfriend.com"]
[Date "2005.01.09"]
[Round "1"]
[White "Miszta, Feliks"]
[Black "Bies, Gustavo Alejandro"]
[Result "0-1"]
[WhiteElo "1615"]
[BlackElo "2040"]
[PlyCount "48"]
[EventDate "2005.??.??"]
[EventType "tourn (corr)"]
[EventRounds "2"]
[SourceTitle "Corr 2024"]
[Source "ChessBase"]
[SourceDate "2023.10.19"]
[SourceVersion "1"]
[SourceVersionDate "2023.10.19"]
[SourceQuality "1"]

1. d4 Nf6 2. c4 e6 3. Nf3 d5 4. Nc3 Be7 5. Bf4 0-0 6. e3 c5 7. dxc5 Bxc5 8. Qc2 Nc6 9. a3 Qa5 10. 0-0-0 dxc4 11. Bxc4 Be7 12. Kb1 e5 13. Bg5 Bg4 14. h3 Bh5 15. Bd3 Bg6 16. Bxg6 hxg6 17. Qb3 Qa6 18. a4 Na5 19. Qb5 Qxb5 20. axb5 Nc4 21. b3 Na5 22. Kb2 Rac8 23. Bxf6 Bxf6 24. Ne4 Rc7 0-1

[Event "CFriend AT-2005-0-00032 email"]
[Site "Chessfriend.com"]
[Date "2005.01.09"]
[Round "1"]
[White "Miszta, Feliks"]
[Black "Gertners, Gunars"]
[Result "1-0"]
[WhiteElo "1615"]
[BlackElo "2134"]
[PlyCount "85"]
[EventDate "2005.??.??"]
[EventType "tourn (corr)"]
[EventRounds "2"]
[SourceTitle "Corr 2024"]
[Source "ChessBase"]
[SourceDate "2023.10.19"]
[SourceVersion "1"]
[SourceVersionDate "2023.10.19"]
[SourceQuality "1"]

1. d4 d5 2. c4 e6 3. Nf3 Nf6 4. Nc3 Be7 5. Bf4 0-0 6. e3 c5 7. dxc5 Bxc5 8. cxd5 Nxd5 9. Nxd5 exd5 10. a3 Nc6 11. Bd3 Be7 12. b4 Bf6 13. Rc1 Be6 14. 0-0 Rc8 15. Re1 Re8 16. b5 Ne7 17. Rxc8 Qxc8 18. Qb1 Bf5 19. Bxf5 Qxf5 20. Qxf5 Nxf5 21. Rd1 Rd8 22. Kf1 Ne7 23. Bc7 Rc8 24. Bd6 a6 25. a4 Rc4 26. Bxe7 Bxe7 27. Rxd5 Rxa4 28. Rd7 Kf8 29. Rxb7 Ke8 30. b6 Bf6 31. Ra7 Rb4 32. b7 Kd8 33. e4 Bb2 34. Ng5 Kc7 35. Nxf7 Rb6 36. e5 Bd4 37. b8Q+ Kxb8 38. Rd7 Rb1+ 39. Ke2 Rb2+ 40. Kd3 Rxf2 41. e6 Bf6 42. g4 h6 43. h4 1-0

[Event "CFriend AT-2005-0-00031 email"]
[Site "Chessfriend.com"]
[Date "2005.01.09"]
[Round "1"]
[White "Miszta, Feliks"]
[Black "Helmer, Janos"]
[Result "0-1"]
[WhiteElo "1615"]
[BlackElo "2169"]
[PlyCount "40"]
[EventDate "2005.??.??"]
[EventType "tourn (corr)"]
[EventRounds "2"]
[SourceTitle "Corr 2024"]
[Source "ChessBase"]
[SourceDate "2023.10.19"]
[SourceVersion "1"]
[SourceVersionDate "2023.10.19"]
[SourceQuality "1"]

1. e4 e5 2. Nf3 Nc6 3. Bb5 Nge7 4. 0-0 d6 5. d4 Bd7 6. Nc3 Nxd4 7. Nxd4 exd4 8. Bxd7+ Qxd7 9. Qxd4 Nc6 10. Qe3 g6 11. Nd5 Bg7 12. Rb1 0-0 13. Qb3 Nd8 14. Bh6 c6 15. Bxg7 Kxg7 16. Ne3 Qe6 17. Qb4 a5 18. Qd4+ f6 19. a4 Nf7 20. f3 Rfe8 0-1

[Event "CFriend AT-2005-0-00035 email"]
[Site "Chessfriend.com"]
[Date "2005.01.09"]
[Round "1"]
[White "Pecotic, Kuzma"]
[Black "Miszta, Feliks"]
[Result "1-0"]
[WhiteElo "2034"]
[BlackElo "1615"]
[PlyCount "87"]
[EventDate "2005.??.??"]
[EventType "tourn (corr)"]
[EventRounds "2"]
[SourceTitle "Corr 2024"]
[Source "ChessBase"]
[SourceDate "2023.10.19"]
[SourceVersion "1"]
[SourceVersionDate "2023.10.19"]
[SourceQuality "1"]

1. e4 e5 2. Nf3 Nc6 3. d4 exd4 4. Nxd4 Bc5 5. Be3 Qf6 6. c3 Nge7 7. Bc4 0-0 8. 0-0 Bb6 9. Nc2 d6 10. Bxb6 axb6 11. f4 Be6 12. Ne3 Bxc4 13. Nxc4 b5 14. Ne3 b4 15. Rf2 Rfe8 16. cxb4 Nxb4 17. Nc3 Qg6 18. f5 Qg5 19. Rf3 Qf6 20. Ng4 Qg5 21. Rg3 Nbc6 22. Nb5 Rec8 23. Nxc7 Rxc7 24. Qxd6 Nxf5 25. exf5 Qd8 26. f6 Qxd6 27. Nh6+ Kf8 28. fxg7+ Ke7 29. Nf5+ Ke6 30. Nxd6 Rg8 31. Ne8 Rc8 32. Re1+ Ne5 33. Rge3 f6 34. Nxf6 Kxf6 35. Rxe5 Rc2 36. R5e2 Rxe2 37. Rxe2 Rxg7 38. Kf2 Rd7 39. Kf3 h5 40. Re4 Kf5 41. Rb4 Rd3+ 42. Kf2 Rd7 43. Kg3 Kg5 44. Rb5+ 1-0